| 000 | 00509cam a22002174a 4500 | ||
|---|---|---|---|
| 005 | 20250605164316.0 | ||
| 008 | 250528s ||||||||||||||||||||||||d | ||
| 035 | _a22692 | ||
| 020 | _a9780201596083 | ||
| 040 |
_aGR-AtMCL _bgre _dGR-AtMCL _eAACR2 |
||
| 245 | 1 | _aECONOMICS | |
| 250 | _a4 | ||
| 260 |
_bAddison-Wesley, _c1998 |
||
| 300 | _a941 | ||
| 700 | 1 |
_aMatthews Kent _93346 |
|
| 700 | 1 |
_aParkin Michael _93320 |
|
| 700 | 1 |
_aPowell Melanie _93347 |
|
| 942 | _cBK | ||
| 999 |
_c7740 _d7740 |
||